Treaty Oak Revival- Stop and Stare Lyrics - Statistics

General Stats
  • This quiz has been taken 145 times
  • The average score is 209 of 299
Answer Stats
Answer % Correct
a
99%
i
97%
I
97%
and
96%
in
94%
the
94%
on
91%
stop
91%
to
91%
be
90%
I'm
90%
with
90%
of
87%
out
87%
full
84%
river
84%
devil
83%
friday
83%
it
83%
night
83%
she
83%
black
82%
drowning
82%
stare
82%
you
82%
by
81%
friend
79%
red
79%
who
79%
aint
78%
bed
77%
get
77%
go
77%
hard
77%
left
77%
mine
77%
rye
77%
for
75%
hanging
75%
oh
75%
sleep
75%
that
75%
town
75%
been
74%
since
74%
my
73%
never
73%
old
73%
slut
73%
tube
73%
getting
71%
ever
70%
I'll
70%
top
70%
it's
69%
baby
68%
there
68%
ride
66%
won't
66%
dancing
65%
eyes
64%
rain
64%
like
62%
as
61%
damn
61%
word
61%
moonlight
60%
said
60%
forget
58%
hair
57%
think
57%
underneath
57%
coast
56%
jet
56%
green
55%
heading
53%
we're
52%
were
52%
heartbeat's
51%
over
51%
your
49%
finished
47%
rooftops
47%
sounding
45%
big
44%
done
44%
bloodshot
42%
glowing
40%
thinking
38%
bout
36%
lord
35%
me
34%
when
32%
asphalts
31%
some
31%
streetlights
31%
are
30%
wicked
29%
had
27%
what
27%
cussed
25%
gone
25%
sunrise
25%
they're
25%
woman
25%
church
23%
find
23%
fond
23%
was
23%
worth
23%
running
22%
yeah
22%
something
19%
still
19%
she's
18%
help
17%
hot
17%
lot
17%
loved
16%
need
16%
tail
16%
No matching quizzes found
Score Distribution
Percent of People with Each Score
Percentile by Number Answered
Your Score History
You have not taken this quiz